| 000 | 00886nam a2200289 a 4500 | ||
|---|---|---|---|
| 001 | 77521 | ||
| 003 | BD-RjUL | ||
| 005 | 20211209083000.0 | ||
| 008 | 201020s1950 enk 00001 eng d | ||
| 035 | _a(BD-RjUL)77746 | ||
| 035 | _a2559599 | ||
| 040 |
_aANL _beng _dSL _cBD-RjUL |
||
| 041 | _aeng | ||
| 082 |
_223 _a823.912 _bCOS 1950 |
||
| 100 | 1 |
_aConrad, Joseph, _d1857-1924. _9241874 |
|
| 245 | 1 | 4 |
_aThe shadow-line : _ba confession "worthy of my undying regard" ; Within the tides : tales / _cby Joseph Conrad. |
| 250 | _aCollected ed. | ||
| 260 |
_aLondon : _bJ.M. Dent, _c1950. |
||
| 300 |
_a211p. ; _c19 cm. |
||
| 500 | _aThe shadow-line: first published 1917. | ||
| 500 | _aWithin the tides: first published 1915. | ||
| 650 |
_a English fiction _9241875 |
||
| 650 |
_aSea stories _9241876 |
||
| 942 |
_2ddc _cBK |
||
| 999 |
_c77521 _d77521 |
||